000 00849cam a22002654a 4500
001 14263497
005 20180228085945.0
008 060213s2007 nju b 001 0 eng
010 _a 2006004947
020 _a0131728644 (pbk.)
020 _a9780131728646
035 _a(OCoLC)ocm64084504
040 _aDLC
_cDLC
_dBAKER
_dC#P
_dDLC
041 _aeng
042 _apcc
080 _a372.6 TER
082 0 0 _a372.6 TER
_222
100 1 _a25
101 _aEDU
245 1 0 _aLanguage and learning :
_cTerry Piper.
504 _aIncludes bibliographical references (p. 355-382) and indexes.
906 _a7
_bcbc
_corignew
_d1
_eecip
_f20
_gy-gencatlg
942 _2ddc
_cBK
999 _c43724
_d43724